000 00732nam a2200193 a 4500
001 000025653
005 20200930023939.0
008 110218s1978 ve a r 000 0 spa d
040 _aDO-SdBNP
_bspa
_cBNPHU
082 _ann*
_bnn*
100 1 _aRodríguez de Alonso, Josefina.
_918476
245 1 3 _aEl siglo de las luces visto por Francisco de Miranda /
_cJosefina Rogríguez de Alonso ; laminar de J. L. Salcedo-Bastardo ; prefacio de Edmong Giscard D´Estaing.
260 _aCaracas :
_bPresidencia de la República,
_c1978.
300 _a517, [9] p. :
_bil. ;
_c24 cm.
504 _aBibliografía : [119] p.
700 1 _aSalcedo-Bastardo, J. L.
_918082
700 1 _aGiscard D´Estaing, Edmond,
_epról.
_952391
049 _aBNGR
999 _c25145
_d25145